La espada y el canelo /

Salvato in:
Dettagli Bibliografici
Autore principale: Magnet, Alejandro (autor)
Natura: Libro
Lingua:spagnolo
Pubblicazione: Santiago, Chile : Zig-Zag, 1996, c1981
Edizione:17a edición
Serie:(Viento Joven)
Soggetti:
Tags: Aggiungi Tag
Nessun Tag, puoi essere il primo ad aggiungerne!!

MARC

LEADER 00000nam^a2200000^a^4500
001 000185319
005 20250521000000.0
009 20260310102147.921
020 |a 956-12-0993-4 
037 |a Acervo ITESO - Biblioteca 
041 |a ESP 
082 |a 808. 899282  |b MAG 
100 |a Magnet, Alejandro  |e (autor) 
245 1 3 |a La espada y el canelo /  |c A. Magnet 
250 |a 17a edición 
264 4 |a Santiago, Chile :  |b Zig-Zag,  |c 1996, c1981 
300 |a 143 p. 
336 |a texto  |b txt  |2 rdacontenido 
337 |a sin mediación  |b n  |2 rdamedio 
338 |a volumen  |b nc  |2 rdasoporte 
440 1 |a (Viento Joven) 
649 |a XX 
650 |a Novela Chilena 
650 |a Literatura Chilena -  |y Siglo XX 
650 |a Literatura Juvenil -  |z Chile 
650 |a Literatura e Historia -  |z Chile 
650 |a Chile -  |x Historia -  |y Epoca Colonial, 1560-1818 
650 |a Chile en la Literatura 
910 |a Fondo General 
920 |a Impresos - Libros 
930 |a Colección General 
940 |a Literatura 
905 |a 101 
901 |a 0500126750  |b IT1  |c LIT  |u 20250521 
901 |a 0500126753  |b IT1  |c LIT  |u 20250521 
902 |a https://opac.biblio.iteso.mx/vufind/Record/000185319